[Event "Olympiad Women 2024"]
[Site "Budapest HUN"]
[Date "2024.09.13"]
[Round "3.67"]
[Board "2"]
[White "Ndirangu, Nyaruai"]
[Black "Aishath Iva Hassan"]
[Result "1-0"]
[WhiteElo "1782"]
[BlackElo "1422"]
[PlyCount "47"]
[EventDate "2024.09.11"]
[WhiteTeam "Kenya"]
[BlackTeam "Maldives"]
[WhiteTeamCountry "KEN"]
[BlackTeamCountry "MDV"]

1. e4 c6 2. d4 d5 3. e5 c5 4. c3 Nc6 5. Nf3 cxd4 6. cxd4 Bg4 7. Bb5 ({RR} 7. Nbd2 e6 8. Be2 Bb4 9. O-O Nge7 10. Nb3 O-O 11. h3 Bh5 12. Bd3 Bg6 13. Bxg6 Nxg6 14. Qd3 Be7 15. a3 Rc8 16. Bd2 a6 17. g3 b5 18. h4 Re8 19. Rac1 Nf8 20. Kg2 Qb6 21. Bg5 b4 {1-0 Fedoseev,V (2680)-Manukyan,S (2158) Titled Tue 2nd May Late 2023 (3)}) 7... e6 8. a3 a6 $146 ({RR} 8... Nge7 9. Nc3 Nf5 10. Be3 Be7 11. h3 Bxf3 12. Qxf3 O-O 13. Bxc6 bxc6 14. Qd1 Nxe3 15. fxe3 Bh4+ 16. Kd2 Rb8 17. b4 a5 18. Rb1 axb4 19. axb4 Qe7 20. b5 c5 21. Qg4 Rfc8 22. dxc5 Rxc5 23. Qb4 {1-0 Krys,D (1541)-ORourke,E (1712) Sligo Championship 2024 (1.12)}) 9. Bxc6+ bxc6 10. Qa4 Qb6 11. b4 Ne7 12. Be3 Qb5 13. Nc3 Qxa4 14. Nxa4 Nf5 15. O-O Be7 16. Rfc1 a5 17. Nb6 Ra7 18. bxa5 Rxa5 19. Rxc6 O-O 20. a4 Nxe3 21. fxe3 Ra6 22. Nc8 Rxc8 23. Rxc8+ Bf8 24. Rb1 1-0

[Event "Olympiad Women 2024"]
[Site "Budapest HUN"]
[Date "2024.09.13"]
[Round "3.67"]
[Board "3"]
[White "Aini Munthazim"]
[Black "Mutisya, Jully"]
[Result "0-1"]
[WhiteElo "1536"]
[BlackElo "1750"]
[PlyCount "44"]
[EventDate "2024.09.11"]
[WhiteTeam "Maldives"]
[BlackTeam "Kenya"]
[WhiteTeamCountry "MDV"]
[BlackTeamCountry "KEN"]

1. e4 d6 2. d4 Nf6 3. Nc3 g6 4. Be3 c6 5. h3 Nbd7 6. f4 Qa5 7. Qd2 ({RR} 7. Bd3 c5 8. Nge2 c4 9. Bxc4 Nxe4 10. O-O Ndf6 11. Bb5+ Bd7 12. Bxd7+ Kxd7 13. Nxe4 Nxe4 14. Qd3 f5 15. c4 Bg7 16. Rfc1 Rhc8 17. Nc3 Nxc3 18. Rxc3 d5 19. c5 Rc6 20. Ra3 Qc7 21. b4 Ke8 {½-½ Sveshnikov,E (2556)-Beliavsky,A (2668) SLO-chT 11th 2001 (6)}) 7... e5 $146 ({RR} 7... b5 8. Bd3 Bb7 9. b4 Qxb4 10. e5 dxe5 11. fxe5 Nh5 12. Nge2 a6 13. O-O f6 14. Nxb5 Qxd2 15. Nc7+ Kd8 16. Ne6+ Kc8 17. Bxd2 fxe5 18. dxe5 c5 19. Bg5 Bd5 20. Nxf8 Rxf8 21. Rxf8+ Nxf8 22. Bxe7 {1-0 Yaran,S (2285)-Donmez,Y (1920) TUR-chT 2nd League 2022 (7.10)}) ({RR} 7... b5 8. Bd3 b4 9. Nce2 c5 10. c3 Bb7 11. d5 bxc3 12. Nxc3 Bg7 13. Nf3 O-O 14. O-O Kh8 15. Rae1 e6 16. dxe6 fxe6 17. Ng5 Rae8 18. Bb5 Qc7 19. e5 dxe5 20. fxe5 Nd5 21. Rxf8+ Bxf8 22. Nxe6 {1-0 Grigoriants,S (2443)-Panarin,M (2413) RUS-ch U20 Vladimir 2002 (9)}) 8. O-O-O Bg7 9. Nf3 O-O 10. g4 exd4 11. Bxd4 b5 12. Bxf6 Nxf6 13. Qxd6 b4 14. Ne2 Nxe4 15. Qxc6 Bxb2+ 16. Kxb2 Qa3+ 17. Kb1 Nc3+ 18. Nxc3 bxc3 19. Qb5 Be6 20. Rd7 Bxa2+ 21. Ka1 Bb3+ 22. Kb1 Qb2# 0-1

[Event "Olympiad Women 2024"]
[Site "Budapest HUN"]
[Date "2024.09.13"]
[Round "3.67"]
[Board "4"]
[White "Karanja, Ether"]
[Black "Fathmath Zoya Hassan Saeed"]
[Result "1-0"]
[WhiteElo "1637"]
[BlackElo "1406"]
[PlyCount "71"]
[EventDate "2024.09.11"]
[WhiteTeam "Kenya"]
[BlackTeam "Maldives"]
[WhiteTeamCountry "KEN"]
[BlackTeamCountry "MDV"]

1. d4 d5 2. Bf4 c5 3. e3 Nc6 4. c3 Bf5 5. Nd2 e6 6. Ngf3 Qb6 ({RR} 6... Nf6 7. Nh4 Be4 8. Bb5 Qb6 9. a4 a6 10. Bxc6+ bxc6 11. O-O Bd3 12. Re1 cxd4 13. exd4 Be7 14. Nhf3 h6 15. b4 O-O 16. Ne5 Bh7 17. Nb3 Rfd8 18. f3 Ne8 19. Qe2 Nd6 20. Na5 Rac8 21. Kh1 {1-0 Sjugirov,S (2662)-Robson,R (2670) Chess24 Banter Blitz Cup 2019 (5.11)}) 7. b3 h6 $146 ({RR} 7... cxd4 8. exd4 Ba3 9. Ne5 Bb2 10. Rc1 Bxc1 11. Qxc1 Nf6 12. Qa3 Nh5 13. Be3 Nf6 14. Ndf3 Ne4 15. Qb2 f6 16. Nd3 O-O 17. Be2 Qa5 18. b4 Qc7 19. O-O Ne7 20. Rc1 Rfc8 21. Nc5 b6 22. Na6 {0-1 Peatman,C (2022)-Yurovskykh,O (2328) Titled Tue 23rd Jan Late 2024 (1)}) ({RR} 7... cxd4 8. exd4 Ba3 9. Nh4 Bb2 10. Nxf5 exf5 11. Bd3 Bxc3 12. Rc1 Bxd4 13. O-O Nge7 14. Nf3 Bf6 15. b4 Qxb4 16. Bd2 Qa3 17. Bc2 O-O 18. Re1 Qxa2 19. Bb1 Qa3 20. Ng5 h6 21. Nh3 Rfe8 22. Re3 {0-1 Dubov,D (2677)-Grachev,B (2645) RUS-chT blitz 2017 (10)}) 8. Be2 Nf6 9. Ne5 Nxe5 10. dxe5 Nd7 11. c4 g5 12. Bg3 Bg7 13. f4 gxf4 14. exf4 f6 15. Bh5+ Kf8 16. cxd5 exd5 17. Nf3 Qb4+ 18. Kf2 fxe5 19. Qxd5 Ke7 20. Qf7+ Kd6 21. Rhd1+ Kc6 22. Qxf5 Nf6 23. Nxe5+ Kb5 24. Be2+ Kb6 25. Qe6+ Ka5 26. Nc4+ Kb5 27. Nb6+ Ka5 28. Nxa8 Ne4+ 29. Kf1 Bxa1 30. Rxa1 Nd2+ 31. Kf2 Qd4+ 32. Ke1 Qxa1+ 33. Kxd2 Qxa2+ 34. Ke3 Qb2 35. Be1+ Qc3+ 36. Bxc3# 1-0

[Event "Olympiad Women 2024"]
[Site "Budapest HUN"]
[Date "2024.09.13"]
[Round "3.68"]
[Board "2"]
[White "Ramas, Carmina Jasmine"]
[Black "Wahid, Chelsea"]
[Result "1-0"]
[WhiteElo "1712"]
[BlackElo "1482"]
[PlyCount "51"]
[EventDate "2024.09.11"]
[WhiteTeam "Guam"]
[BlackTeam "Saint Lucia"]
[WhiteTeamCountry "GMA"]

1. d4 Nf6 2. Bf4 g6 3. Nc3 Bg7 4. e4 d6 5. Qd2 O-O ({RR} 5... a6 6. Bh6 Bxh6 7. Qxh6 e5 8. O-O-O Ng4 9. Qg7 Qf6 10. Qxf6 Nxf6 11. dxe5 dxe5 12. h3 Be6 13. Nf3 Nbd7 14. Ng5 Ke7 15. Be2 Rad8 16. Rhf1 h6 17. Nxe6 fxe6 18. Rd3 Nc5 19. Rg3 g5 20. b4 {½-½ Salmensuu,O (2431)-Chernin,A (2601) EU-Cup 17th Panormo 2001 (2.2)}) 6. Be2 ({RR} 6. f3 Nc6 7. O-O-O a5 8. Bh6 e5 9. Bxg7 Kxg7 10. Nge2 a4 11. g4 h6 12. h4 Na5 13. Ng3 Nd7 14. f4 exd4 15. Qxd4+ Qf6 16. g5 Qxd4 17. gxh6+ Kxh6 18. Rxd4 Nc6 19. Rd2 a3 20. b3 Nf6 {1-0 Gruca,M (2198)-Dmitriev,S (2312) Titled Tue 9th Apr Late 2024 (9)}) 6... Nbd7 7. O-O-O e5 $146 ({RR} 7... c5 8. d5 a6 9. Bh6 b5 10. Bxg7 Kxg7 11. Bf3 b4 12. Nce2 Ne5 13. b3 a5 14. h3 a4 15. Kb1 axb3 16. cxb3 Qa5 17. Nc1 Ba6 18. g4 Nxf3 19. Nxf3 Nxe4 20. Qb2+ {0-1 Lokeswara Rao,M (1163)-Nagy,G (1790) Budapest FS02 Development 2019 (5)}) ({RR} 7... Re8 8. e5 dxe5 9. dxe5 Nh5 10. Bxh5 gxh5 11. Bh6 Bxe5 12. Qg5+ Kh8 13. Rxd7 Qxd7 14. Qxe5+ f6 15. Qxh5 Rg8 16. Nf3 Rg6 17. Rd1 Qg4 18. Rd8+ Rg8 19. Qxg4 Bxg4 20. Rxa8 Rxa8 21. Nd5 c6 22. Ne3 {1-0 Padilla,J-Contreras Gonzalez,C (1218) COL-ch U14 Bucaramanga 2022 (6)}) 8. dxe5 Nxe5 9. Bxe5 Nxe4 10. Nxe4 Bxe5 11. h4 h5 12. Nf3 Bg7 13. Kb1 Be6 14. Nfg5 Bf5 15. Ng3 Qf6 16. Qc3 Qxc3 17. bxc3 Bxc3 18. Nxf5 gxf5 19. Rd3 Be5 20. Bxh5 Kg7 21. f4 Bxf4 22. Rf3 Bxg5 23. hxg5 Rh8 24. Rxf5 Rxh5 25. Rxh5 Kg6 26. g4 1-0

[Event "Olympiad Women 2024"]
[Site "Budapest HUN"]
[Date "2024.09.13"]
[Round "3.68"]
[Board "4"]
[White "Nacario, Ruth"]
[Black "Richards, TrisAnn"]
[Result "0-1"]
[WhiteElo "1607"]
[BlackElo "1653"]
[PlyCount "138"]
[EventDate "2024.09.11"]
[WhiteTeam "Guam"]
[BlackTeam "Saint Lucia"]
[WhiteTeamCountry "GMA"]

1. d4 Nf6 2. c4 e6 3. Nc3 Bb4 4. Bg5 O-O 5. Nf3 d5 6. e3 b6 7. cxd5 exd5 8. a3 Bxc3+ 9. bxc3 Bb7 10. Bd3 Nbd7 11. h3 $146 ({RR} 11. O-O Rc8 12. Rc1 Qe8 13. c4 dxc4 14. Bxc4 Ne4 15. Bf4 Ndf6 16. Ne5 Nd6 17. Ba2 Bd5 18. Bb1 Qe6 19. Qe2 a5 20. f3 Nh5 21. Nd3 Nb5 22. e4 Bb3 23. Qb2 a4 24. Be3 f5 25. e5 f4 {1-0 Dany,S-Storkebaum,U Wiesbaden op 16th 1997 (2)}) 11... Qe8 12. Bf4 Ne4 13. Qc2 c5 14. O-O c4 15. Be2 h6 16. Nd2 Ndf6 17. Be5 Nxd2 18. Qxd2 Ne4 19. Qc1 Qe7 20. f3 Ng5 21. Qe1 Qe6 22. Qg3 Qg6 23. Kh1 Ne6 24. Qe1 f6 25. Bd6 Rfe8 26. Bd1 Rad8 27. Bh2 Nf8 28. Ba4 Re6 29. Bc7 Ra8 30. Ra2 Bc6 31. Bc2 Qe8 32. e4 dxe4 33. fxe4 Bxe4 34. Bxe4 Rxe4 35. Qg3 Re3 36. Qg4 Qg6 37. Qf4 Rxc3 38. Qd6 Qe4 39. Raf2 Rd3 40. Rf4 Qe6 41. Qb4 Rc8 42. Bd6 Qe3 43. Re1 Qd2 44. Qb1 Rxd4 45. Rxd4 Qxd4 46. Rd1 Qc3 47. Bb4 Qg3 48. Be1 Qxa3 49. Qf5 Qa6 50. Bc3 Qb7 51. Qg4 Kh8 52. Rf1 Qd7 53. Qe2 Qd3 54. Qxd3 cxd3 55. Bd2 Ng6 56. g3 Ne5 57. Kg2 Rc2 58. Rf2 a5 59. g4 a4 60. Kg3 a3 61. Kf4 a2 62. Rf1 Rxd2 63. Ke3 Re2+ 64. Kd4 d2 65. Rd1 Re1 66. Rxd2 a1=Q+ 67. Kd5 Qa5+ 68. Ke6 Qxd2 69. Ke7 Qd7+ 0-1

[Event "Olympiad Women 2024"]
[Site "Budapest HUN"]
[Date "2024.09.13"]
[Round "3.69"]
[Board "1"]
[White "Magno, Angelica"]
[Black "Sele, Timea"]
[Result "1/2-1/2"]
[WhiteElo "1544"]
[BlackElo "1699"]
[PlyCount "82"]
[EventDate "2024.09.11"]
[WhiteTeam "Palau"]
[BlackTeam "Liechtenstein"]
[WhiteTeamCountry "PAL"]
[BlackTeamCountry "LIE"]

1. d4 d5 2. Nf3 Nf6 3. c4 e6 4. Nc3 Be7 5. Bf4 O-O 6. e3 b6 7. Be2 dxc4 8. O-O Bb7 9. Bxc4 Nbd7 ({RR} 9... c5 10. dxc5 Bxc5 11. Qxd8 Rxd8 12. Rfd1 Nc6 13. a3 Rxd1+ 14. Rxd1 Rd8 15. Rxd8+ Nxd8 16. b4 Be7 17. h3 h6 18. Kf1 Kf8 19. Ke2 Ke8 20. Ne5 Nc6 21. Nxc6 Bxc6 22. g4 Kd7 23. f3 Bd6 24. Bxd6 {½-½ Radibratovic,P (2324)-Coe,W (2078) Titled Tue 20th Feb Early 2024 (1)}) 10. Qe2 Nh5 11. Bg3 $146 ({RR} 11. Be5 Bxf3 12. Qxf3 Nxe5 13. dxe5 g6 14. Rfd1 Qc8 15. Ne4 f5 16. exf6 Nxf6 17. Nxf6+ Rxf6 18. Qc6 Bd6 19. Rac1 Qf8 20. Rc2 Re8 21. Re2 Re7 22. Qe4 Qh6 23. g3 Qh5 24. Red2 Kg7 25. Qb7 Ref7 {1-0 Martic,J (2020)-Margitic,Z (2135) CRO-chT2 Center 23rd 2014 (1.2)}) 11... Nxg3 12. hxg3 c5 13. Rad1 cxd4 14. Rxd4 Bf6 15. Rd2 Qc7 16. Rfd1 Rfd8 17. Bb5 Nc5 18. Bc4 Bxc3 19. bxc3 Ne4 20. Rxd8+ Rxd8 21. Rxd8+ Qxd8 22. Qc2 Qc7 23. Bd3 Nxc3 24. Bxh7+ Kf8 25. Bd3 Nd5 26. Qb2 Qc3 27. Qe2 Nb4 28. Bc4 Bd5 29. Bxd5 Nxd5 30. Ng5 Qc6 31. Qf3 Qd7 32. e4 Nf6 33. e5 Nd5 34. Qh5 Ke7 35. Qxf7+ Kd8 36. Nxe6+ Kc8 37. Qf8+ Kb7 38. Qxg7 Ne7 39. Nf8 Qd1+ 40. Kh2 Qh5+ 41. Kg1 Qd1+ 1/2-1/2

[Event "Olympiad Women 2024"]
[Site "Budapest HUN"]
[Date "2024.09.13"]
[Round "3.70"]
[Board "4"]
[White "Hoareau, Rachelle"]
[Black "Aayat Asmi"]
[Result "0-1"]
[WhiteElo "1625"]
[BlackElo "1421"]
[PlyCount "112"]
[EventDate "2024.09.11"]
[WhiteTeam "Seychelles"]
[BlackTeam "Pakistan"]
[WhiteTeamCountry "SEY"]
[BlackTeamCountry "PAK"]

1. d4 Nf6 2. Nf3 g6 3. Nc3 Bg7 4. e4 d6 5. Bg5 h6 6. Bh4 O-O 7. Be2 Nbd7 ({RR} 7... Nc6 8. d5 Nb8 9. O-O g5 10. Bg3 Nh5 11. Nd4 Nxg3 12. hxg3 e6 13. dxe6 fxe6 14. Bc4 Qf6 15. Nf5 Bh8 16. Qh5 Kh7 17. Ne3 Qg6 18. Qxg6+ Kxg6 19. f4 Bd4 20. Rae1 Nc6 21. Bxe6 Bxe6 22. f5+ {0-1 Okhotnik,V (2450)-Petkevich,J (2460) Lyngby op 1990 (9)}) ({RR} 7... Bg4 8. h3 Bxf3 9. Bxf3 Nc6 10. Ne2 e5 11. O-O g5 12. Bg3 Re8 13. d5 Ne7 14. c4 Rf8 15. Nc3 Nd7 16. Bg4 f5 17. exf5 Nxf5 18. Bxf5 Rxf5 19. Qg4 Rf7 20. h4 Nf6 21. Qe2 g4 22. Ne4 {1-0 Sarkar,J (2272)-Sakun,V (2356) Titled Tue 16th Jan Early 2024 (11)}) 8. d5 $146 ({RR} 8. h3 e5 9. Bxf6 Bxf6 10. d5 Bg7 11. h4 a5 12. g4 Nc5 13. Nd2 b6 14. Nb3 Bd7 15. Nxc5 bxc5 16. a4 f5 17. gxf5 gxf5 18. Bd3 f4 19. Nb5 f3 20. Qd2 h5 21. Qg5 Bxb5 22. Bxb5 Rf4 {0-1 Kitagawa,D-Palmeira,P (1982) Sindilegis op-B 2009}) ({RR} 8. O-O g5 9. Bg3 Nh5 10. Ne1 Nxg3 11. hxg3 e5 12. d5 a5 13. g4 Nc5 14. Nd3 Nxd3 15. cxd3 c6 16. Rc1 cxd5 17. Nxd5 Be6 18. Nc7 Rc8 19. Nxe6 fxe6 20. Qb3 Qe7 21. Qb6 a4 22. Rc4 Rxc4 {1-0 Fred,A-Buskenstrom,S Olympiad-14 Final B 1960 (3)}) 8... Nc5 9. Bxf6 Bxf6 10. O-O Bxc3 11. bxc3 Nxe4 12. Bd3 Nf6 13. c4 e5 14. Qd2 e4 15. Qxh6 Ng4 16. Qh3 exd3 17. cxd3 Kg7 18. Qg3 Qf6 19. h3 Ne5 20. Rad1 Nxf3+ 21. gxf3 Bf5 22. Kg2 Qc3 23. h4 Bxd3 24. Rh1 Rh8 25. Qg5 Be2 26. Rc1 Qxf3+ 27. Kg1 Rh5 28. Qg3 Qxg3+ 29. fxg3 Re8 30. Rb1 b6 31. Rb2 Bxc4 32. Rd2 Re1+ 33. Kg2 Rxh1 34. Kxh1 Rxd5 35. Rf2 Re5 36. Rf4 Bxa2 37. Kh2 Re2+ 38. Kg1 b5 39. Kf1 Bc4 40. Kg1 Re1+ 41. Kf2 Rf1+ 42. Kg2 Rxf4 43. gxf4 a5 44. Kg3 a4 45. Kg4 a3 46. h5 a2 47. Kg5 gxh5 48. f5 a1=Q 49. Kxh5 Qh1+ 50. Kg5 Qh6+ 51. Kg4 b4 52. Kf3 b3 53. Ke4 b2 54. Kd4 b1=Q 55. Kxc4 Qhc1+ 56. Kd5 Qd3# 0-1

[Event "Olympiad Women 2024"]
[Site "Budapest HUN"]
[Date "2024.09.13"]
[Round "3.71"]
[Board "1"]
[White "Lima, Izidora Lourenco"]
[Black "Jacobs, Annelaine"]
[Result "1-0"]
[WhiteElo "1579"]
[BlackElo "1763"]
[PlyCount "64"]
[EventDate "2024.09.11"]
[WhiteTeam "Sao Tome and Principe"]
[BlackTeam "Aruba"]
[WhiteTeamCountry "SAO"]
[BlackTeamCountry "ARN"]

1. e4 c5 2. Nf3 g6 3. d4 cxd4 4. Nxd4 Nf6 5. Nc3 Nc6 6. Be3 Bg7 7. Be2 O-O 8. O-O d5 9. exd5 Nxd5 10. Nxd5 Qxd5 11. Bf3 Qc4 12. Nxc6 bxc6 13. c3 Bf5 14. Qb3 Qa6 15. Qb4 ({RR} 15. Bc5 Rfe8 16. Rfe1 e5 17. Be2 Qa5 18. Qa3 Qxa3 19. Bxa3 a5 20. Bc4 Red8 21. Rad1 a4 22. f3 Rab8 23. Be7 Rxd1 24. Rxd1 Bf8 25. Rd8 Rxd8 26. Bxd8 Bc5+ 27. Kf1 Kg7 28. g4 Bb1 29. g5 Be3 {½-½ Perez Garcia,R (2412)-Smith,B (2441) Quebec-ch op 2012 (7)}) ({RR} 15. Bc5 Rab8 16. Qa3 Qxa3 17. Bxa3 Rfc8 18. Rfe1 Be6 19. Rac1 c5 20. b4 c4 21. Rc2 Rd8 22. h4 Rd3 23. Bb2 Rbd8 24. a4 Rd2 25. Rxd2 Rxd2 26. Re2 Rd3 27. Re3 Bh6 28. Rxd3 cxd3 29. Bd1 Bc4 {1-0 Djoric,D (2084)-Ivanovic,M (1625) 2nd Arandjelovac Open 2023 (7.30)}) 15... e5 16. Qc5 e4 17. Bd1 Qb5 $146 ({RR} 17... Rab8 18. Bb3 Ra8 19. Rfd1 Qb7 20. Rd2 a5 21. Ba4 Rfc8 22. Rad1 Bf8 23. Qe5 Re8 24. Qf4 h5 25. h3 Qc8 26. Bd4 Kh7 27. Be3 f6 28. Qh4 Kg7 29. g4 hxg4 30. Qh6+ Kg8 31. Bb3+ Be6 32. Qxg6+ {1-0 Niranjan,P-Navalgund,N (2086) Mumbai Mayors Cup 1st 2008 (4)}) ({RR} 17... Rfe8 18. Bb3 Qb7 19. Ba4 Re6 20. b4 Qc7 21. Rfd1 Be5 22. h3 Bd6 23. Qa5 Qb7 24. g4 Re5 25. b5 Bc7 26. Qa6 Qxa6 27. bxa6 Be6 28. Bxc6 Rd8 29. Bxa7 Ra5 30. Rxd8+ Bxd8 31. Bb7 Bc4 32. Rd1 {½-½ Erke,M (1753)-Yagiz,Y (2252) Troya op 23rd 2015 (4)}) 18. Bb3 a6 19. Rfd1 Qxc5 20. Bxc5 Rfd8 21. Bb6 Rxd1+ 22. Rxd1 Rb8 23. Rd8+ Rxd8 24. Bxd8 Be5 25. Bb6 Kf8 26. Bc4 Bc8 27. a4 Ke8 28. h3 f5 29. Kf1 h6 30. Ke2 Ke7 31. Ke3 Ke8 32. Bd4 Bd6 1-0

[Event "Olympiad Women 2024"]
[Site "Budapest HUN"]
[Date "2024.09.13"]
[Round "3.72"]
[Board "2"]
[White "Oyenga, Justine Anassika"]
[Black "Hussin, Fazreena"]
[Result "1/2-1/2"]
[WhiteElo "1503"]
[BlackElo "1700"]
[PlyCount "97"]
[EventDate "2024.09.11"]
[WhiteTeam "Togo"]
[BlackTeam "Brunei Darussalam"]
[WhiteTeamCountry "TOG"]

1. e4 e6 2. Nf3 d5 3. e5 c5 4. d4 cxd4 5. Nxd4 Nc6 6. Bb5 Qb6 ({RR} 6... Bd7 7. Nxc6 Bxc6 8. Bd3 d4 9. O-O Qd5 10. f3 Qxe5 11. Nd2 Nf6 12. Re1 Qc7 13. Nf1 Bd6 14. Bg5 h6 15. Bh4 O-O-O 16. a3 g5 17. Bg3 h5 18. Bxd6 Qxd6 19. Ng3 h4 20. Ne4 Nxe4 21. Bxe4 {0-1 El Kouch,A-Hamdouchi,H (2533) MAR-ch Rabat 2001 (5)}) 7. Be3 Bc5 8. O-O $146 ({RR} 8. Nc3 Bd7 9. Bxc6 Bxc6 10. Rb1 Ne7 11. a3 a5 12. Nxc6 Bxe3 13. Nxe7 Bxf2+ 14. Kf1 Kxe7 15. Qe2 Bd4 16. Na4 Qa6 17. Qxa6 Rxa6 18. Re1 Rc8 19. Re2 b5 20. Nc3 Bxc3 21. bxc3 Rxc3 22. Kf2 Rxa3 {0-1 Njie,A-Hook,W (2210) Olympiad-27 Dubai 1986 (6)}) ({RR} 8. a4 a5 9. Qg4 Nge7 10. c3 g6 11. Nd2 Bd7 12. N2b3 Bxd4 13. Bxd4 Qc7 14. O-O Nf5 15. Rad1 Ncxd4 16. Bxd7+ Qxd7 17. Nc5 Qc6 18. cxd4 b6 19. Nd3 Qxa4 20. Rc1 Qxd4 21. Qe2 O-O 22. Kh1 Rac8 {0-1 Sihanath,S-Obediah Saah (1976) 45th Olympiad 2024 (2.87)}) 8... Bxd4 9. Bxc6+ bxc6 10. Bxd4 c5 11. Be3 Qxb2 12. Nd2 Qxe5 13. Bxc5 Nf6 14. Re1 Qc3 15. Nb3 Bb7 16. Re3 Qc4 17. Bd4 Rc8 18. Rc1 Qa6 19. Nc5 Qc6 20. Nxb7 Qxb7 21. Rb1 Qa6 22. Bxf6 gxf6 23. Rb2 Qc4 24. h3 h5 25. Qd3 Qxd3 26. Rxd3 O-O 27. Rg3+ Kh7 28. Ra3 Rc7 29. Kh2 Rg8 30. Rf3 f5 31. a4 d4 32. a5 a6 33. g3 Kg6 34. h4 f6 35. Rb6 Ra8 36. Rxe6 Rxc2 37. Rd6 Rc3 38. Kg2 Rc5 39. Ra3 Rc4 40. Rd3 Ra4 41. R3xd4 Rxa5 42. Kh3 Ra1 43. f3 Re8 44. Rd2 Re3 45. Rf2 Raa3 46. Kg2 Kf7 47. Rd8 a5 48. Rd7+ Kg6 49. Rd8 1/2-1/2

[Event "Olympiad Women 2024"]
[Site "Budapest HUN"]
[Date "2024.09.13"]
[Round "3.72"]
[Board "3"]
[White "Redzuan, Nur Ainul Mardhiah"]
[Black "Kponsou, Afiwa"]
[Result "0-1"]
[WhiteElo "1481"]
[BlackElo "1453"]
[PlyCount "82"]
[EventDate "2024.09.11"]
[WhiteTeam "Brunei Darussalam"]
[BlackTeam "Togo"]
[BlackTeamCountry "TOG"]

1. e4 d6 2. d4 g6 3. Nf3 Bg7 4. Nc3 Nd7 5. Bc4 e6 6. O-O Ne7 7. Be3 O-O 8. h3 $146 ({RR} 8. Qd2 d5 9. Bb3 dxe4 10. Nxe4 Nf6 11. Nxf6+ Bxf6 12. Bg5 Re8 13. Rad1 Nf5 14. Bf4 c6 15. c3 b6 16. Ne5 Bb7 17. Ng4 Bg7 18. Bg5 f6 19. Bf4 h5 20. Ne3 Nxe3 21. Bxe3 Kf7 22. Rfe1 Qd7 {1-0 Donets,V (2199)-Nezbailo,D (2060) St Petersburg White Nights op 2005 (9)}) ({RR} 8. Qd2 b6 9. Rfe1 a6 10. Bg5 b5 11. Bf1 Bb7 12. b4 Nb6 13. a4 bxa4 14. Nxa4 Qd7 15. Nc3 Nc6 16. b5 axb5 17. Bxb5 Rxa1 18. Rxa1 Qc8 19. h3 f6 20. Bh6 Bxh6 21. Qxh6 Qd8 22. h4 Qe7 {½-½ Koivisto 9.2 (3493)-SlowChess Blitz 2.9 avx2 (3455) TCEC 24 Premier 2023 (34.4)}) ({RR} 8. Qd2 Re8 9. Bh6 Bh8 10. Rfe1 c6 11. h3 b5 12. Bd3 a6 13. Qf4 e5 14. dxe5 dxe5 15. Qh4 Bf6 16. Ng5 Nf8 17. a4 Rb8 18. axb5 axb5 19. Ra7 Rb7 20. Rea1 Ne6 21. Nxe6 Bxh4 22. Nxd8 Rxd8 {1-0 Orzech,D (2248)-Castellanos Gomez,A (2293) Titled Tue 19th Mar Early 2024 (3)}) ({RR} 8. Qd2 d5 9. exd5 Nb6 10. Bd3 exd5 11. Bh6 Nc4 12. Bxc4 Bxh6 13. Qxh6 Nf5 14. Qf4 dxc4 15. d5 Nd6 16. a4 a6 17. Ne5 Bf5 18. Nxc4 Nxc4 19. Qxc4 Bxc2 20. Rac1 Bf5 21. Rfe1 c6 22. dxc6 Rc8 {½-½ Sonnenberger,K (1953)-Moeller,P (2005) Mecklenburg VP LL2 West 0203 2002 (5.4)}) 8... a6 9. a4 c5 10. Re1 Qc7 11. Qd3 Nb6 12. Ba2 c4 13. Qd2 Bd7 14. b3 Rac8 15. Rac1 d5 16. Bf4 Qd8 17. exd5 cxb3 18. Bxb3 Nexd5 19. Nxd5 Nxd5 20. Bh6 Bc6 21. c4 Nb6 22. Bxg7 Kxg7 23. Qb4 Bxf3 24. gxf3 Qxd4 25. a5 Nd5 26. Qxb7 Rb8 27. Red1 Qxd1+ 28. Bxd1 Rxb7 29. cxd5 exd5 30. Rc6 Rb1 31. Kf1 Rxd1+ 32. Ke2 Ra1 33. Rxa6 Re8+ 34. Kd3 Ra4 35. Kd2 Re6 36. Ra7 Rf6 37. Ke3 d4+ 38. Ke2 Ra3 39. Ra8 Rfxf3 40. Rd8 Rxh3 41. Rxd4 Ra2+ 0-1

[Event "Olympiad Women 2024"]
[Site "Budapest HUN"]
[Date "2024.09.13"]
[Round "3.73"]
[Board "1"]
[White "Asha huang Limboo"]
[Black "Jambo, Linda"]
[Result "0-1"]
[WhiteElo "1420"]
[BlackElo "1629"]
[PlyCount "60"]
[EventDate "2024.09.11"]
[WhiteTeam "Bhutan"]
[BlackTeam "Malawi"]
[WhiteTeamCountry "BTN"]
[BlackTeamCountry "MWI"]

1. e4 e5 2. Nf3 Nc6 3. Bc4 Nf6 4. Nc3 h6 5. d4 exd4 6. Nxd4 Nxd4 7. Qxd4 d6 ({RR} 7... c5 8. Qd1 Be7 9. Nd5 Nxe4 10. f3 Bh4+ 11. g3 Bxg3+ 12. hxg3 Nxg3 13. Rg1 Qh4 14. Rxg3 Qxg3+ 15. Kf1 O-O 16. Bf4 Qh3+ 17. Ke1 Qe6+ 18. Qe2 Re8 19. Qxe6 Rxe6+ 20. Kd1 Rg6 21. Ne7+ Kh7 22. Bd3 {1-0 Ardila Sarmiento,M-Pinzon Cardenas,L COL-ch U14 Bucaramanga 2022 (2)}) ({RR} 7... Be7 8. e5 Nh7 9. O-O O-O 10. Re1 Ng5 11. Qg4 d6 12. Qg3 dxe5 13. Be3 Bf6 14. Rad1 Qe7 15. Nd5 Qd6 16. h4 Ne4 17. Qf3 Nc5 18. Nxf6+ Qxf6 19. Qxf6 gxf6 20. Bxc5 Re8 21. Be3 Kg7 22. f4 {1-0 Swartz,C-Jambo,L Africa-ch (Women) 2007 (6)}) 8. O-O Be7 9. Nd5 O-O $146 ({RR} 9... Nxd5 10. Bxd5 O-O 11. c3 Re8 12. Kh1 Bf6 13. Qd3 c6 14. Bb3 Be6 15. Bc2 Qd7 16. f4 Qc7 17. f5 Bd7 18. Bf4 g5 19. fxg6 fxg6 20. Bxd6 Qd8 21. Qf3 Re6 22. Bb3 {1-0 Csomor,B-Szabo,J HUN-ch U18 Girls 1994 (4)}) 10. Nxf6+ Bxf6 11. Qd3 Re8 12. Re1 c6 13. Rb1 d5 14. Bb3 dxe4 15. Rxe4 Rxe4 16. Bxh6 Qxd3 17. cxd3 Re2 18. Kf1 Bg4 19. Be3 Rxb2 20. Rxb2 Bxb2 21. h3 Be6 22. g4 Bxb3 23. axb3 b6 24. f4 Re8 25. Kf2 c5 26. f5 Bd4 27. Bxd4 cxd4 28. b4 Re3 29. h4 Rxd3 30. g5 Rh3 0-1

[Event "Olympiad Women 2024"]
[Site "Budapest HUN"]
[Date "2024.09.13"]
[Round "3.73"]
[Board "3"]
[White "Yeshey lhaden"]
[Black "Msukwa, Tupokiwe"]
[Result "0-1"]
[WhiteElo "1514"]
[BlackElo "1674"]
[PlyCount "72"]
[EventDate "2024.09.11"]
[WhiteTeam "Bhutan"]
[BlackTeam "Malawi"]
[WhiteTeamCountry "BTN"]
[BlackTeamCountry "MWI"]

1. d4 d5 2. Bf4 Nf6 3. Nf3 Bf5 4. e3 a6 5. Nbd2 ({RR} 5. c4 e6 6. Nc3 c6 7. Qb3 b5 8. c5 Be7 9. h3 h6 10. a4 Nbd7 11. Be2 Bh7 12. O-O O-O 13. Ra2 Qc8 14. Rfa1 Qb7 15. axb5 axb5 16. Bh2 Rfc8 17. Bf1 Ne4 18. Rxa8 Rxa8 19. Rxa8+ Qxa8 {1-0 Filipovic,B (2413)-Haskovic,S (1967) Sarajevo Bosna op 47th 2017 (1)}) 5... h6 $146 ({RR} 5... Nc6 6. c4 e6 7. Rc1 Bb4 8. Be2 Ne4 9. O-O O-O 10. Nb3 Bd6 11. Bg3 Bxg3 12. hxg3 Ne7 13. Ne5 f6 14. Nf3 Nc8 15. Nh4 Ne7 16. Nxf5 Nxf5 17. Bd3 Nexg3 18. fxg3 Nxe3 19. Qh5 g6 20. Bxg6 {½-½ Lavroskaja,A-Perecowicz,J Quebec-ch U14 2000 (4)}) ({RR} 5... Nc6 6. c4 e6 7. Be2 Bb4 8. a3 Bxd2+ 9. Nxd2 h6 10. h3 O-O 11. O-O b5 12. cxb5 axb5 13. Bxb5 Ne7 14. Rc1 c6 15. Bxc6 Nxc6 16. Rxc6 Bd3 17. Re1 Qd7 18. Rc7 Qa4 19. Qxa4 Rxa4 20. Rb7 {1-0 Narendra Tumbekodige,M-Menoncello,L World Corporate East C rapid 2021 (2.4)}) ({RR} 5... e6 6. Be2 c5 7. c3 Nc6 8. O-O Be7 9. Rc1 c4 10. Ne5 Rc8 11. h3 O-O 12. Re1 Nxe5 13. Bxe5 Nd7 14. Bg3 b5 15. Nf3 a5 16. a3 a4 17. Ne5 Nxe5 18. Bxe5 Bd6 19. Bxd6 Qxd6 20. Qd2 {½-½ Fajardo Murgas,J-Gomez,C COL-ch U16 Cali 2009 (5)}) 6. c4 e6 7. Qa4+ Nbd7 8. c5 Be7 9. Ne5 O-O 10. Nxd7 Nxd7 11. f3 Bh4+ 12. g3 Be7 13. e4 dxe4 14. fxe4 Bh7 15. h4 Nf6 16. Bd3 Bxc5 17. Qc2 Bxd4 18. Nf3 Bb6 19. O-O-O Qe7 20. Kb1 Ng4 21. Rhe1 e5 22. Bd2 Rfd8 23. Be2 Nf2 24. Qc3 Nxe4 25. Qc1 Nxd2+ 26. Ka1 Nxf3 27. Bxf3 e4 28. Qc4 Rxd1+ 29. Bxd1 Qc5 30. Qxc5 Bxc5 31. Re2 Rd8 32. Bc2 e3 33. Bb3 Rd2 34. Re1 Bd4 35. a4 Rxb2 36. Rd1 Rd2# 0-1